tous les vainqueurs de la premier league depuis 1888 - Statistiques

Statistiques générales
  • Ce quiz a été pris 143 fois
  • Le résultat moyen est 97 sur 123
Statistiques - réponses
Saison Réponse % Correct
1936/1937 | 1967/1968 | 2011/2012 | +6 others Manchester City
100%
1907/1908 | 1910/1911 | 1951/1952 | +17 others Manchester United
100%
1900/1901 | 1905/1906 | 1921/1922 | +16 others Liverpool FC
99%
1954/1955 | 2004/2005 | 2005/2006 | +3 others Chelsea FC
98%
1930/1931 | 1932/1933 | 1933/1934 | +10 others Arsenal FC
96%
2015/2016 Leicester City FC
91%
1950/1951 | 1960/1961 Tottenham Hotspur
83%
1904/1905 | 1906/1907 | 1908/1909 | 1926/1927 Newcastle United
81%
1893/1894 | 1895/1896 | 1896/1897 | +4 others Aston Villa FC
78%
1968/1969 | 1973/1974 | 1991/1992 Leeds United
74%
1890/1891 | 1914/1915 | 1927/1928 | +6 others Everton FC
70%
1977/1978 Nottingham Forest
62%
1897/1898 Sheffield United
58%
1891/1892 | 1892/1893 | 1894/1895 | +3 others Sunderland AFC
49%
1911/1912 | 1913/1914 | 1994/1995 Blackburn Rovers
45%
1920/1921 | 1959/1960 Burnley FC
45%
1953/1954 | 1957/1958 | 1958/1959 Wolverhampton Wanderers
38%
1902/1903 | 1903/1904 | 1928/1929 | 1929/1930 Sheffield Wednesday
31%
1948/1947 | 1949/1950 Portsmouth FC
24%
1961/1962 Ipswich Town
22%
1971/1972 | 1974/1975 Derby County
21%
1888/1889 | 1889/1890 Preston North End
16%
1923/1924 | 1924/1925 | 1925/1926 Huddersfield Town
12%
Aucun quiz correspondant
Distribution des résultats
% des personnes avec chaque résultat
Percentile par nombre de réponses
Votre historique - résultats
Vous n’avez pas pris ce quiz